「九」がつく市区町村名 - Statistics

General Stats
  • This quiz has been taken 35 times
  • The average score is 4 of 5
Answer Stats
都道府県または地方名 市町村名もしくは県名 % Correct
岩手県 九戸村
97%
福岡県 北九州市
94%
鹿児島県 南九州市
94%
大分県 九重町
84%
和歌山県 九度山町
68%
No matching quizzes found
Score Distribution
Percent of People with Each Score
Percentile by Number Answered
Your Score History
You have not taken this quiz